000 00863nam a2200277Ia 4500
003 OSt
005 20220928124334.0
006 a|||||r|||| 00| 0
007 ta
008 220927b |||||||| |||| 00| 0 eng d
020 _c12259.200000000001
024 _a119259
037 _b84, 22/08/2013, Classic Book Service
_cTextual
040 _aSDCL
_cSDCL
_beng
041 _2eng
_aeng
082 _aX64:(B), Q3
100 _aHelbaek Morten
_9464477
245 0 _aFinancial modelling and asset valuation with excel
260 _aLondon
_bRoutledge
_c2013
300 _axv;430p.
_ccm.
650 _aFinancial Studies
700 _a Lovaas Ragnar
_9464478
700 _a Mjolhus Jon
_9464479
942 _hX64:(B), Q3
_cTEXL
_2CC
999 _c777389
_d777389